000
00302nam a22001097a 4500
008
230606b xxu||||| |||| 00| 0 eng d
082
_a
636.08
_b
PAS
245
_a
Pastrolism
_b
Research Policy Practice
_c
Practical Action
260
_a
USA
_b
Practical Action Publishing
_c
2010
300
_a
339
942
_2
ddc
_c
BK
999
_c
748
_d
748